[Event "NCA-chT final"]
[Site "Managua"]
[Date "2017.11.12"]
[Round "8.4"]
[White "Barrios, Yaroslav"]
[Black "Gutierrez, Oscar"]
[Result "1-0"]
[WhiteElo "1876"]
[BlackElo "1993"]
[PlyCount "47"]
[EventDate "2017.10.21"]
[EventType "team-tourn"]
[EventRounds "9"]
[EventCountry "NCA"]
[SourceTitle "CBM 181 Extra"]
[Source "ChessBase"]
[SourceDate "2017.12.12"]
[SourceVersion "1"]
[SourceVersionDate "2017.12.12"]
[SourceQuality "1"]

1. e4 e6 2. d4 d5 3. Nc3 Nf6 4. e5 Nfd7 5. f4 c5 6. Nf3 Nc6 7. Be3 cxd4 8. Nxd4 a6 9. Be2 Be7 10. 0-0 0-0 11. Qd2 Qc7 12. Kh1 b5 13. Bg4 b4 14. Nce2 Nxd4 15. Nxd4 Nb6 16. b3 g6 17. Qf2 Rb8 18. Rad1 Kh8 19. Qg3 f5 20. exf6 Rxf6 21. Qh3 Qd6 22. Nf3 Kg8 23. Ng5 h5 24. Bxh5 1-0